<?xml version="1.0" encoding="UTF-8"?><marc:collection xmlns:marc="http://www.loc.gov/MARC21/slim">
  <marc:record>
    <marc:leader>00000nam##2200000za#4500</marc:leader>
    <marc:controlfield tag="001">9.601691</marc:controlfield>
    <marc:controlfield tag="003">CaOODSP</marc:controlfield>
    <marc:controlfield tag="005">20210624210207</marc:controlfield>
    <marc:controlfield tag="007">cr |||||||||||</marc:controlfield>
    <marc:controlfield tag="008">150406|2006||||xxc|||||o    f|0| 0 fre|d</marc:controlfield>
    <marc:datafield tag="040" ind1=" " ind2=" ">
      <marc:subfield code="a">CaOODSP</marc:subfield>
      <marc:subfield code="b">fre</marc:subfield>
    </marc:datafield>
    <marc:datafield tag="043" ind1=" " ind2=" ">
      <marc:subfield code="a">n-cn---</marc:subfield>
    </marc:datafield>
    <marc:datafield tag="086" ind1="1" ind2=" ">
      <marc:subfield code="a">YC33-0/391-4-1F-PDF</marc:subfield>
    </marc:datafield>
    <marc:datafield tag="110" ind1="1" ind2=" ">
      <marc:subfield code="a">Canada. </marc:subfield>
      <marc:subfield code="b">Parlement. </marc:subfield>
      <marc:subfield code="b">Sénat. </marc:subfield>
      <marc:subfield code="b">Comité sénatorial permanent de la sécurité nationale et de la défense.</marc:subfield>
    </marc:datafield>
    <marc:datafield tag="245" ind1="1" ind2="0">
      <marc:subfield code="a">Face aux turbulences : </marc:subfield>
      <marc:subfield code="h">[ressource électronique]</marc:subfield>
      <marc:subfield code="b">de la nécessité d'actualiser l'aide extérieure et la force militaire du Canada, en réponse aux changements d'envergure qui surviennent / </marc:subfield>
      <marc:subfield code="c">L'honorable Colin Kenny, président ; l'honorable Michael A. Meighen, vice-président. </marc:subfield>
    </marc:datafield>
    <marc:datafield tag="246" ind1="3" ind2=" ">
      <marc:subfield code="a">Rapport intérimaire du Comité sénatorial permanent de la défense et de la sécurité</marc:subfield>
    </marc:datafield>
    <marc:datafield tag="250" ind1=" " ind2=" ">
      <marc:subfield code="a">[1re éd.]</marc:subfield>
    </marc:datafield>
    <marc:datafield tag="260" ind1=" " ind2=" ">
      <marc:subfield code="a">Ottawa - Ontario : </marc:subfield>
      <marc:subfield code="b">Sénat. </marc:subfield>
      <marc:subfield code="c">Octobre 2006.</marc:subfield>
    </marc:datafield>
    <marc:datafield tag="300" ind1=" " ind2=" ">
      <marc:subfield code="a">325p.</marc:subfield>
      <marc:subfield code="b">cartes en couleur, figures, graphiques, références, tableaux</marc:subfield>
    </marc:datafield>
    <marc:datafield tag="490" ind1="1" ind2=" ">
      <marc:subfield code="a">Rapport du Comité sénatorial permanent de la sécurité nationale et de la défense</marc:subfield>
      <marc:subfield code="v">39e législature, 1re session, [4e rapport]</marc:subfield>
    </marc:datafield>
    <marc:datafield tag="590" ind1=" " ind2=" ">
      <marc:subfield code="a">11-12-Supp</marc:subfield>
      <marc:subfield code="b">2011-07-29</marc:subfield>
    </marc:datafield>
    <marc:datafield tag="775" ind1="0" ind2="8">
      <marc:subfield code="t">Managing turmoil : </marc:subfield>
      <marc:subfield code="w">(CaOODSP)9.571048</marc:subfield>
    </marc:datafield>
    <marc:datafield tag="830" ind1="#" ind2="0">
      <marc:subfield code="a">Rapport du Comité sénatorial permanent de la sécurité nationale et de la défense ;</marc:subfield>
      <marc:subfield code="v">39e législature, 1re session, [4e rapport]</marc:subfield>
      <marc:subfield code="w">(CaOODSP)9.501649</marc:subfield>
    </marc:datafield>
    <marc:datafield tag="856" ind1="4" ind2="0">
      <marc:subfield code="a">http://publications.gc.ca</marc:subfield>
      <marc:subfield code="q">PDF</marc:subfield>
      <marc:subfield code="s">2.25 Mo</marc:subfield>
      <marc:subfield code="u">https://publications.gc.ca/collections/collection_2011/sen/yc33-0/YC33-0-391-4-1-fra.pdf</marc:subfield>
      <marc:subfield code="y">39e législature, 1re session, [4e rapport]</marc:subfield>
    </marc:datafield>
  </marc:record>
</marc:collection>
